[Event "43. Zurich Weihnachtsopen 2019"]
[Site "Zurich/SUI"]
[Date "2019.12.29"]
[Round "5.8"]
[White "Curien, Nicolas"]
[Black "Janoszka, Arnd"]
[Result "0-1"]
[WhiteElo "2257"]
[BlackElo "2353"]
[Annotator "NA"]
[PlyCount "96"]
[EventDate "2019.12.26"]
[EventType "swiss"]
[SourceTitle "playchess.com"]
[Source "ChessBase"]
[SourceQuality "1"]
[TimeControl "40/5400+30:1800+30"]

1. d4 {[%emt 0:00:00]} d6 {[%emt 0:10:45]} 2. e4 {[%emt 0:00:00]} c6 {[%emt 0:02:27]} 3. Nc3 {[%emt 0:00:24]} b5 {[%emt 0:00:30]} 4. Be3 {[%emt 0:07:59]} Bb7 {[%emt 0:02:41]} 5. f4 {[%emt 0:06:14]} Nd7 {[%emt 0:05:07]} 6. e5 {[%emt 0:04:28]} e6 {[%emt 0:13:47]} 7. Nf3 {[%emt 0:02:34]} Ne7 {[%emt 0:05:32]} 8. Bd3 {[%emt 0:10:39]} Nb6 {[%emt 0:08:46]} 9. O-O {[%emt 0:04:17]} Ned5 {[%emt 0:02:56]} 10. Nxd5 {[%emt 0:01:43]} Nxd5 {[%emt 0:00:54]} 11. Bd2 {[%emt 0:04:25]} g6 {[%emt 0:02:23]} 12. Qe1 {[%emt 0:03:52]} Bg7 {[%emt 0:05:33]} 13. Kh1 {[%emt 0:09:37]} O-O {[%emt 0:03:30]} 14. Ng5 {[%emt 0:01:21]} Ne7 {[%emt 0:05:19]} 15. exd6 {[%emt 0:11:27]} Nf5 {[%emt 0:06:02]} 16. Bxf5 {[%emt 0:05:02]} exf5 {[%emt 0:01:03]} 17. Bb4 {[%emt 0:14:44]} Bxd4 {[%emt 0:01:30]} 18. Rd1 {[%emt 0:00:16]} c5 {[%emt 0:01:25]} 19. c3 {[%emt 0:02:09]} Qxd6 {[%emt 0:00:45]} 20. cxd4 {[%emt 0:01:14]} cxb4 {[%emt 0:00:20]} 21. Qe5 {[%emt 0:01:51]} Qd5 {[%emt 0:00:44]} 22. Qxd5 {[%emt 0:02:58]} Bxd5 {[%emt 0:00:02]} 23. Rfe1 {[%emt 0:02:14]} Rac8 {[%emt 0:01:10]} 24. Rc1 {[%emt 0:00:54]} Bxa2 {[%emt 0:00:29]} 25. Kg1 {[%emt 0:00:13]} Bd5 {[%emt 0:00:38]} 26. Rc5 {[%emt 0:00:36]} Rxc5 {[%emt 0:02:24]} 27. dxc5 {[%emt 0:00:02]} Rc8 $19 {[%emt 0:00:11]} 28. Rc1 {[%emt 0:00:27]} b3 {[%emt 0:01:56]} 29. Nf3 {[%emt 0:00:21]} Bc4 {[%emt 0:02:31]} 30. Nd4 {[%emt 0:01:05]} Rxc5 {[%emt 0:01:21]} 31. Nxb3 {[%emt 0:00:06]} Rd5 {[%emt 0:00:48]} 32. Na5 {[%emt 0:00:06]} Rd4 {[%emt 0:03:19]} 33. Nc6 {[%emt 0:00:59]} Rd2 {[%emt 0:03:52]} 34. Nxa7 {[%emt 0:00:38]} Rxb2 {[%emt 0:00:13]} 35. Nc6 {[%emt 0:00:04]} Kg7 {[%emt 0:00:27]} 36. Nd4 {[%emt 0:01:37]} Bd5 {[%emt 0:01:44]} 37. Rc2 {[%emt 0:00:56]} Rxc2 {[%emt 0:01:42]} 38. Nxc2 {[%emt 0:00:02]} Kf6 {[%emt 0:00:28]} 39. Kf2 {[%emt 0:00:02]} Ke7 {[%emt 0:00:30]} 40. g3 {[%emt 0:00:38]} Kd6 {[%emt 0:00:08]} 41. Ke3 {[%emt 0:31:10]} Kc5 {[%emt 0:30:42]} 42. Kd2 {[%emt 0:00:00]} b4 {[%emt 0:00:00]} 43. Ne3 {[%emt 0:00:00]} Be4 {[%emt 0:00:00]} 44. g4 {[%emt 0:00:00]} fxg4 {[%emt 0:00:00]} 45. Nxg4 {[%emt 0:00:00]} Kd4 {[%emt 0:00:00]} 46. Nf6 {[%emt 0:00:00]} Bf5 {[%emt 0:00:00]} 47. Kc1 {[%emt 0:00:00]} h5 {[%emt 0:00:00]} 48. h4 {[%emt 0:00:00]} Be6 {[%emt 0:00:00]} 0-1

[Event "43. Zurich Weihnachtsopen 2019"]
[Site "Zurich/SUI"]
[Date "2019.12.29"]
[Round "6.1"]
[White "Lagarde, Maxime"]
[Black "Martirosyan, Haik M."]
[Result "1/2-1/2"]
[WhiteElo "2655"]
[BlackElo "2613"]
[Annotator "TA"]
[PlyCount "49"]
[EventDate "2019.12.26"]
[EventType "swiss"]
[SourceTitle "playchess.com"]
[Source "ChessBase"]
[SourceQuality "1"]

{[%evp 9,49,20,27,12,8,16,12,9,22,21,20,13,23,24,33,29,25,0,0,0,0,0,0,0,0,0,0,-18,-18,-14,-27,-45,0,0,0,-66,-2,-14,0,-32,-31,-86]} 1. e4 e5 2. Nf3 Nc6 3. Bb5 Nf6 4. d3 Bc5 5. Bxc6 dxc6 6. Nbd2 {[%cal Bb1d2,Bd2b3,Bb3a5][%mdl 32] C65: Ruy Lopez: Berlin Defence (3...Nf6), unusual lines and 4 0-0 Bc5} (6. O-O {seems wilder.} Bd6 7. a4 O-O 8. h3 Be6 9. b3) (6. Qe2 Qe7 7. h3 Bd6 8. Nbd2 Nd7 9. O-O O-O 10. Nc4 Re8 11. Re1 c5 12. Nh2 Nf8 13. f4 exf4 {½-½ (33) Aronian,L (2763)-Anand,V (2774) Karlsruhe/Baden Baden 2019}) 6... Be6 7. O-O Nd7 8. Nb3 {The position is equal.} Be7 9. Na5 Rb8 10. d4 Bb4 $146 ({Predecessor:} 10... Bf6 11. h3 O-O 12. c3 Re8 13. Be3 a6 {½-½ (44) Mihok,O (2510)-Borocz,I (2374) Hungary 2016}) 11. Bd2 Bxd2 12. Qxd2 Bg4 13. dxe5 Bxf3 $1 14. gxf3 Nxe5 15. Qxd8+ Kxd8 16. f4 Ng6 17. f5 Nf4 18. f3 g6 19. Kf2 gxf5 20. Ke3 Ng2+ 21. Kf2 Nf4 22. Ke3 Nh5 (22... Ng6 $1 $15) 23. Rg1 $11 h6 24. Nb3 fxe4 25. Kxe4 {Accuracy: White = 35%, Black = 62%.} ({White should try} 25. fxe4 $15 Ke7 26. Nd4) 1/2-1/2

[Event "43. Zurich Weihnachtsopen 2019"]
[Site "Zurich/SUI"]
[Date "2019.12.29"]
[Round "6.2"]
[White "Srinath, Rao S.V."]
[Black "Kunin, Vitaly"]
[Result "0-1"]
[WhiteElo "2397"]
[BlackElo "2538"]
[Annotator "ChessBase"]
[PlyCount "58"]
[EventDate "2019.12.26"]
[EventType "swiss"]
[SourceTitle "playchess.com"]
[Source "ChessBase"]
[SourceQuality "1"]
[TimeControl "40/5400+30:1800+30"]

1. e4 {[%emt 0:00:00]} d6 {[%emt 0:00:00]} 2. d4 {[%emt 0:01:42]} Nf6 {[%emt 0:00:14]} 3. Nc3 {[%emt 0:01:07]} e5 {[%emt 0:00:26]} 4. Nge2 {[%emt 0:03:13]} Nbd7 {[%emt 0:01:36]} 5. g3 {[%emt 0:00:36]} c6 {[%emt 0:00:39]} 6. Bg2 {[%emt 0:00:05]} Be7 {[%emt 0:04:16]} 7. a4 {[%emt 0:05:33]} Qc7 {[%emt 0:00:11]} 8. h3 {[%emt 0:00:36]} h5 {[%emt 0:00:32]} 9. a5 {[%emt 0:04:41]} Rb8 {[%emt 0:05:44]} 10. Be3 {[%emt 0:02:41]} b5 {[%emt 0:00:29]} 11. axb6 {[%emt 0:00:23]} axb6 {[%emt 0:01:13]} 12. O-O {[%emt 0:02:51]} b5 {[%emt 0:01:09]} 13. f4 {[%emt 0:01:28]} O-O {[%emt 0:02:07]} 14. Qd2 {[%emt 0:03:28]} b4 {[%emt 0:09:43]} 15. Nd1 {[%emt 0:07:29]} c5 {[%emt 0:03:24]} 16. d5 {[%emt 0:09:14]} b3 {[%emt 0:07:39]} 17. f5 {[%emt 0:06:28]} bxc2 {[%emt 0:03:20]} 18. Qxc2 {[%emt 0:00:07]} Nh7 {[%emt 0:07:18]} 19. Nec3 {[%emt 0:06:12]} Bg5 {[%emt 0:05:18]} 20. Qe2 {[%emt 0:03:11]} Ndf6 {[%emt 0:01:17]} 21. Bxg5 {[%emt 0:00:48]} Nxg5 {[%emt 0:00:11]} 22. Qe3 {[%emt 0:00:33]} Ngh7 {[%emt 0:00:31]} 23. Bf3 {[%emt 0:00:32]} Qe7 {[%emt 0:07:28]} 24. Be2 {[%emt 0:15:23]} Kh8 {[%emt 0:05:26]} 25. Qd2 {[%emt 0:04:41]} Rb4 {[%emt 0:04:01]} 26. Bd3 {[%emt 0:03:22]} Bd7 {[%emt 0:08:29]} 27. Ne3 {[%emt 0:01:57]} Rfb8 {[%emt 0:01:21]} 28. Nc4 {[%emt 0:01:03]} g6 {[%emt 0:02:44]} 29. fxg6 {[%emt 0:03:26]} fxg6 {[%emt 0:00:15]} 0-1

[Event "43. Zurich Weihnachtsopen 2019"]
[Site "Zurich/SUI"]
[Date "2019.12.29"]
[Round "6.3"]
[White "Janoszka, Arnd"]
[Black "Wagner, Dennis"]
[Result "1-0"]
[WhiteElo "2353"]
[BlackElo "2578"]
[Annotator "TA"]
[PlyCount "51"]
[EventDate "2019.12.26"]
[EventType "swiss"]
[SourceTitle "playchess.com"]
[Source "ChessBase"]
[SourceQuality "1"]

{[%evp 9,51,0,4,0,0,-2,-4,-7,0,-8,0,0,-5,0,2,-6,0,0,0,0,9,0,0,0,8,0,19,-8,0,-42,-40,-35,-36,-80,-83,-74,-73,-83,-87,-103,-114,-153,-151,-349]} 1. c4 e5 2. g3 c6 3. Bg2 d5 4. cxd5 cxd5 5. d4 e4 6. Nc3 {A20: English Opening: 1...e5} (6. Nh3 Bb4+ 7. Bd2 Qe7 8. O-O Nf6 9. Qa4+ Nc6 10. Bxb4 Qxb4 11. Qxb4 Nxb4 12. Nc3 Bf5 13. Rac1 Nc6 {1-0 (73) Lenderman,A (2611)-Krysa,L (2548) chess.com INT 2018}) 6... Bb4 7. Bd2 Nc6 8. Rc1 $146 {The position is equal.} ({Predecessor:} 8. a3 Bxc3 9. Bxc3 Nf6 10. e3 h5 11. h4 {½-½ (41) Scepanovic,L (2186)-Sente,D (2077) Subotica 2013}) 8... Nf6 9. Bg5 h6 10. Bxf6 $1 Qxf6 11. e3 O-O 12. a3 Bxc3+ 13. Rxc3 Be6 14. Ne2 g5 15. O-O Qe7 16. f4 {Hoping for f5.} exf3 17. Bxf3 Rad8 18. b4 a6 19. Qb3 Ne5 20. Bg2 ({Wrong is} 20. dxe5 $2 d4 $19) 20... Nc4 21. Rf2 Rfe8 22. Nc1 Kg7 23. e4 b5 {...dxe4 is the strong threat.} 24. e5 {[#]} Nxe5 $1 {[%mdl 512]} 25. Re2 ({Don't go for} 25. dxe5 $2 d4 $19) 25... Nc4 {Strongly threatening ...Qf6.} 26. Nd3 $2 {[%mdl 32768] Accuracy: White = 40%, Black = 68%. . Loss on time!?} (26. Qd1 $17) 1-0

[Event "43. Zurich Weihnachtsopen 2019"]
[Site "Zurich/SUI"]
[Date "2019.12.29"]
[Round "6.4"]
[White "Zhang, Xiaopeng"]
[Black "Grover, Sahaj"]
[Result "1/2-1/2"]
[WhiteElo "2339"]
[BlackElo "2508"]
[Annotator "RC"]
[PlyCount "74"]
[EventDate "2019.12.26"]
[EventType "swiss"]
[SourceTitle "playchess.com"]
[Source "ChessBase"]
[SourceQuality "1"]
[TimeControl "40/5400+30:1800+30"]

1. d4 {[%emt 0:00:00]} d5 {[%emt 0:00:00]} 2. c4 {[%emt 0:00:00]} e6 {[%emt 0:00:00]} 3. Nc3 {[%emt 0:00:00]} a6 {[%emt 0:03:39]} 4. cxd5 {[%emt 0:01:26]} exd5 {[%emt 0:00:06]} 5. Nf3 {[%emt 0:00:07]} Nf6 {[%emt 0:00:05]} 6. Bg5 {[%emt 0:00:09]} Be6 {[%emt 0:00:05]} 7. e3 {[%emt 0:00:32]} Nbd7 {[%emt 0:00:05]} 8. Bd3 {[%emt 0:00:11]} Bd6 {[%emt 0:00:06]} 9. O-O {[%emt 0:00:49]} c6 {[%emt 0:00:06]} 10. Qc2 {[%emt 0:04:04]} Qc7 {[%emt 0:00:19]} 11. Bh4 {[%emt 0:03:13]} Bg4 {[%emt 0:00:56]} 12. Bg3 {[%emt 0:00:43]} O-O {[%emt 0:00:59]} 13. Bxd6 {[%emt 0:03:11]} Qxd6 {[%emt 0:00:06]} 14. Nh4 {[%emt 0:00:21]} Rfe8 {[%emt 0:05:48]} 15. h3 {[%emt 0:05:50]} Be6 {[%emt 0:05:14]} 16. f4 {[%emt 0:00:54]} Nf8 {[%emt 0:00:22]} 17. Rae1 {[%emt 0:03:54]} c5 {[%emt 0:03:23]} 18. dxc5 {[%emt 0:10:48]} Qxc5 {[%emt 0:00:21]} 19. Nf3 {[%emt 0:00:18]} Bd7 {[%emt 0:03:57]} 20. Ne5 {[%emt 0:05:01]} Rad8 {[%emt 0:00:45]} 21. Qf2 {[%emt 0:04:02]} Ng6 {[%emt 0:05:34]} 22. Bxg6 {[%emt 0:03:45]} hxg6 {[%emt 0:00:11]} 23. Rc1 {[%emt 0:00:15]} Qb6 {[%emt 0:04:06]} 24. Rfd1 {[%emt 0:00:37]} Bf5 {[%emt 0:01:04]} 25. Rd4 {[%emt 0:00:37]} Ne4 {[%emt 0:01:04]} 26. Nxe4 {[%emt 0:02:12]} Bxe4 {[%emt 0:00:11]} 27. Qd2 {[%emt 0:04:45]} Rc8 {[%emt 0:06:54]} 28. a4 {[%emt 0:07:58]} Rxc1+ {[%emt 0:05:30]} 29. Qxc1 {[%emt 0:00:06]} Qe6 {[%emt 0:00:06]} 30. Kh2 {[%emt 0:04:59]} Rc8 {[%emt 0:01:00]} 31. Qd1 {[%emt 0:00:29]} g5 {[%emt 0:05:43]} 32. Rd2 {[%emt 0:04:07]} gxf4 {[%emt 0:14:02]} 33. exf4 {[%emt 0:00:22]} f6 {[%emt 0:00:05]} 34. Nf3 {[%emt 0:06:04]} Qf5 {[%emt 0:01:42]} 35. g3 {[%emt 0:00:46]} Rc4 {[%emt 0:00:34]} 36. Nd4 {[%emt 0:02:41]} Qc8 {[%emt 0:00:16]} 37. Ne2 {[%emt 0:07:48]} Bc2 {[%emt 0:13:01]} 1/2-1/2

[Event "43. Zurich Weihnachtsopen 2019"]
[Site "Zurich/SUI"]
[Date "2019.12.29"]
[Round "6.5"]
[White "Unuk, Laura"]
[Black "Pikula, Dejan"]
[Result "1/2-1/2"]
[WhiteElo "2305"]
[BlackElo "2444"]
[Annotator "TA"]
[PlyCount "66"]
[EventDate "2019.12.26"]
[EventType "swiss"]
[SourceTitle "playchess.com"]
[Source "ChessBase"]
[SourceQuality "1"]

{[%evp 22,66,6,14,62,48,48,44,37,41,67,74,83,25,27,27,27,20,101,110,98,120,160,27,28,26,27,28,27,26,24,0,0,0,0,0,0,0,0,0,0,0,0,-22,-10,-71,-70]} 1. Nf3 Nf6 2. c4 e6 3. g3 d5 4. d4 Bb4+ 5. Bd2 Be7 6. Bg2 O-O 7. O-O c6 8. Qc2 b6 9. Bf4 Bb7 10. Rd1 Nbd7 11. Ne5 Rc8 12. Nc3 Nxe5 {E08: Closed Catalan: Main Line: 7 Qc2} 13. dxe5 Nd7 14. cxd5 cxd5 {White is slightly better.} 15. e4 d4 16. Rxd4 Qc7 17. Rad1 ({White should try} 17. Qe2 $16 {And now Nb5 would win.} Rfd8 18. Nb5) 17... Nxe5 $11 {[#]} 18. Qb3 $146 ({Predecessor:} 18. Qa4 Bf6 19. Nb5 Bc6 20. Nxc7 Bxa4 21. Rxa4 Rxc7 {½-½ (35) Stupak,K (2557)-Zhigalko,S (2681) Minsk 2015}) 18... Bf6 19. Nb5 Qc5 (19... Qc2 $11 {keeps the balance.}) 20. Nd6 $16 ({But not} 20. Nxa7 $6 Ra8 $14) 20... Rc7 {[#] Black wants to play ...Nf3+!} 21. Be3 $1 {Threatens to win with R4d2.} Ba8 {[#]} 22. Rc4 (22. Nb5 $1 $16) 22... Qxd6 $1 $11 23. Rxd6 Nxc4 24. Rd1 Nxe3 25. Qxe3 {Black must now prevent e5.} Bxb2 26. Qd2 Ba3 27. Qd3 Be7 28. e5 g6 29. h4 h5 30. Qb5 Bxg2 31. Kxg2 Rc2 32. Qb1 Re2 33. Re1 (33. Kf1 $11 {remains equal.} Rxe5 34. Rd7) 33... Rd2 {Accuracy: White = 45%, Black = 74%.} 1/2-1/2

[Event "43. Zurich Weihnachtsopen 2019"]
[Site "Zurich/SUI"]
[Date "2019.12.29"]
[Round "6.6"]
[White "Svane, Rasmus"]
[Black "Wyss, Jonas"]
[Result "1-0"]
[WhiteElo "2597"]
[BlackElo "2278"]
[Annotator "TA"]
[PlyCount "58"]
[EventDate "2019.12.26"]
[EventType "swiss"]
[SourceTitle "playchess.com"]
[Source "ChessBase"]
[SourceQuality "1"]

{[%evp 9,58,27,27,26,25,27,-4,6,49,43,44,35,59,41,43,27,98,95,141,141,141,141,135,135,404,404,402,400,397,398,400,400,385,396,519,507,518,511,497,525,593,562,706,440,486,306,901,894,840,838,691]} 1. Nf3 Nf6 2. c4 g6 3. Nc3 d5 4. cxd5 Nxd5 5. h4 Bg7 (5... Nxc3 6. bxc3 Bg7 7. h5 c5 8. Rb1 b6 9. e4 O-O 10. hxg6 hxg6 11. d4 Bb7 12. Ng5 cxd4 13. Qg4 {½-½ (59) Carlsen,M (2875)-Mamedyarov,S (2774) Zagreb 2019}) 6. e4 {A16: English Opening: 1...Nf6 with ...d5} Nxc3 7. dxc3 Qxd1+ 8. Kxd1 {The position is equal.} Bg4 9. Kc2 Nc6 10. Be3 O-O-O $146 ({Predecessor:} 10... a6 11. Bc4 Na5 12. Bd3 O-O 13. Nd4 {½-½ (70) Svane,R (2560)-Safarli,E (2686) Basel 2017}) 11. Ng5 Rdf8 $1 12. Bc4 Ne5 (12... h6 $11 {remains equal.}) 13. Bd4 $16 {aiming for f3.} f6 14. Be6+ Bxe6 15. Nxe6 Rf7 16. h5 ({Much weaker is} 16. Bxa7 $6 b6 $14) 16... Nc6 $2 {[%mdl 8192] [#]} (16... gxh5 $16 17. Rxh5 (17. Bxa7 b6 $11) 17... Ng6) 17. hxg6 $18 hxg6 18. Rxh8+ Bxh8 19. Rh1 Bg7 20. Rh7 Kd7 21. Nxg7 Nxd4+ 22. cxd4 {[%mdl 4096] Endgame KRN-KR} Kc6 23. f4 e6 24. Kd3 Kb5 25. g4 a5 26. Kc3 a4 27. Kd3 Kb4 $2 {[#]} (27... Rd7 28. Ke3 c5 29. dxc5 Re7) 28. e5 fxe5 29. dxe5 c5 {Accuracy: White = 77%, Black = 24%.} 1-0

[Event "43. Zurich Weihnachtsopen 2019"]
[Site "Zurich/SUI"]
[Date "2019.12.29"]
[Round "6.7"]
[White "Henderson de La Fuente, Lance"]
[Black "Maki-Uuro, Miikka"]
[Result "1/2-1/2"]
[WhiteElo "2492"]
[BlackElo "2331"]
[Annotator "TA"]
[PlyCount "84"]
[EventDate "2019.12.26"]
[EventType "swiss"]
[SourceTitle "playchess.com"]
[Source "ChessBase"]
[SourceQuality "1"]

{[%evp 16,84,26,25,41,29,18,20,47,16,30,21,23,17,29,12,32,44,20,22,42,29,45,33,27,39,43,52,41,35,79,68,118,103,161,160,155,139,213,200,187,198,202,200,209,199,200,164,173,177,169,143,148,0,168,0,142,143,140,106,128,128,128,125,124,128,124,115,119,119,129]} 1. d4 d5 2. c4 e6 3. Nf3 c5 4. cxd5 exd5 5. g3 Nc6 6. Bg2 Nf6 7. O-O Be7 8. dxc5 Bxc5 9. a3 Ne4 {D30: Queen's Gambit Declined: Systems without Nc3} (9... a6 10. b4 Ba7 11. Bb2 O-O 12. Nbd2 Re8 13. Nb3 Bg4 14. h3 Bh5 15. g4 Bg6 16. Rc1 Ne4 17. Nbd4 {0-1 (34) Socko,B (2593)-Akobian,V (2647) Riadh 2017}) 10. b4 Be7 11. Bb2 Bf6 {The position is equal.} 12. Qb3 Be6 13. Nbd2 O-O 14. Rac1 Rc8 $146 ({Predecessor:} 14... Re8 15. Bxf6 Qxf6 16. Qe3 Nd6 17. Qc5 {½-½ (94) Sammalvuo,T (2417)-Sipila,V (2447) Hamina 2016}) 15. Qa2 Qb6 16. Bxf6 Nxf6 17. Qb2 h6 18. e3 Ne4 19. Rfd1 Nd6 20. Qa1 a5 21. bxa5 Nxa5 22. Nd4 Ndc4 23. Rb1 Qc5 24. Rb5 Qd6 {[#]} (24... Qe7 $16) 25. Nxc4 $1 $18 Nxc4 {[#]} 26. Bxd5 $1 {[%mdl 576] Deflection} Bxd5 {[#]} (26... Bd7 $16 {keeps fighting.}) 27. Nf5 $1 {[%csl Gf5,LRd5,LRd6,LRg7][%cal Ra1g7][%mdl 576] Double Attack, Discovered Attack} Qe5 28. Qxe5 ({Don't play} 28. Rbxd5 Qxa1 29. Rxa1 Rc7 $16) 28... Nxe5 29. Rdxd5 {Ne7+ is the strong threat.} Rc1+ 30. Kg2 Nc4 31. Rxb7 Nxa3 32. Rdd7 Nc4 33. Ne7+ Kh7 34. Nf5 Kg8 $1 35. Ne7+ Kh7 36. Nd5 Kg8 37. Nf4 {Hoping for Ng6!} Ne5 {White is better.} 38. Re7 Nc6 39. Rec7 Nd8 40. Rxc1 Nxb7 41. Rc7 Rb8 42. g4 Nd8 {Accuracy: White = 69%, Black = 60%.} 1/2-1/2

[Event "43. Zurich Weihnachtsopen 2019"]
[Site "Zurich/SUI"]
[Date "2019.12.29"]
[Round "6.8"]
[White "Florescu, Codrut-Constantin"]
[Black "Loeffler, Markus"]
[Result "1-0"]
[WhiteElo "2293"]
[BlackElo "2343"]
[Annotator "NA"]
[PlyCount "71"]
[EventDate "2019.12.26"]
[EventType "swiss"]
[SourceTitle "playchess.com"]
[Source "ChessBase"]
[SourceQuality "1"]
[TimeControl "40/5400+30:1800+30"]

1. d4 {[%emt 0:00:00]} Nf6 {[%emt 0:00:00]} 2. Nf3 {[%emt 0:00:30]} g6 {[%emt 0:00:30]} 3. Bg5 {[%emt 0:00:30]} Bg7 {[%emt 0:00:06]} 4. Nbd2 {[%emt 0:00:00]} O-O {[%emt 0:00:16]} 5. c3 {[%emt 0:00:00]} c5 {[%emt 0:08:09]} 6. e3 {[%emt 0:00:00]} cxd4 {[%emt 0:03:27]} 7. cxd4 {[%emt 0:00:44]} b6 {[%emt 0:03:03]} 8. Rc1 {[%emt 0:00:13]} Bb7 {[%emt 0:01:05]} 9. Bd3 {[%emt 0:05:00]} Nc6 {[%emt 0:11:10]} 10. a3 {[%emt 0:02:10]} Rc8 {[%emt 0:14:33]} 11. O-O {[%emt 0:00:46]} h6 {[%emt 0:05:47]} 12. Bxf6 {[%emt 0:03:20]} Bxf6 {[%emt 0:00:40]} 13. Qe2 {[%emt 0:00:11]} d5 {[%emt 0:07:48]} 14. Bb5 {[%emt 0:07:36]} Qd6 {[%emt 0:01:47]} 15. Nb3 {[%emt 0:08:34]} Rc7 {[%emt 0:01:56]} 16. Rc3 {[%emt 0:18:58]} Rfc8 {[%emt 0:02:51]} 17. Rfc1 {[%emt 0:01:07]} Nb8 {[%emt 0:03:57]} 18. Qd2 {[%emt 0:00:26]} a6 {[%emt 0:03:11]} 19. Be2 {[%emt 0:01:33]} Rxc3 {[%emt 0:00:34]} 20. Rxc3 {[%emt 0:00:06]} Rxc3 {[%emt 0:00:19]} 21. Qxc3 {[%emt 0:00:06]} Qc6 {[%emt 0:01:04]} 22. Qxc6 {[%emt 0:03:33]} Bxc6 {[%emt 0:00:09]} 23. Nc1 {[%emt 0:00:26]} e6 {[%emt 0:03:54]} 24. Kf1 {[%emt 0:02:15]} Be7 {[%emt 0:01:05]} 25. Ne5 {[%emt 0:04:01]} Be8 {[%emt 0:01:03]} 26. Bd3 {[%emt 0:00:27]} Kg7 {[%emt 0:00:34]} 27. f4 {[%emt 0:00:20]} f6 {[%emt 0:01:20]} 28. Nf3 {[%emt 0:00:03]} g5 {[%emt 0:06:27]} 29. g3 {[%emt 0:00:04]} Bd6 {[%emt 0:01:39]} 30. Kf2 {[%emt 0:00:16]} a5 {[%emt 0:02:46]} 31. Na2 {[%emt 0:04:01]} Bc6 {[%emt 0:05:51]} 32. Nc3 {[%emt 0:00:11]} Kf7 {[%emt 0:00:16]} 33. Nb5 {[%emt 0:05:32]} Be7 {[%emt 0:00:19]} 34. g4 {[%emt 0:00:55]} Nd7 {[%emt 0:01:29]} 35. Na7 {[%emt 0:02:29]} Bb7 {[%emt 0:00:47]} 36. f5 {[%emt 0:00:47]} 1-0

[Event "43. Zurich Weihnachtsopen 2019"]
[Site "Zurich/SUI"]
[Date "2019.12.30"]
[Round "7.1"]
[White "Kunin, Vitaly"]
[Black "Martirosyan, Haik M."]
[Result "1/2-1/2"]
[WhiteElo "2538"]
[BlackElo "2613"]
[Annotator "ChessBase"]
[PlyCount "80"]
[EventDate "2019.12.26"]
[EventType "swiss"]
[SourceTitle "playchess.com"]
[Source "ChessBase"]
[SourceQuality "1"]
[TimeControl "40/5400+30:1800+30"]

1. d4 {[%emt 0:00:00]} Nf6 {[%emt 0:00:00]} 2. c4 {[%emt 0:00:13]} e6 {[%emt 0:00:00]} 3. Nf3 {[%emt 0:00:21]} b6 {[%emt 0:00:32]} 4. g3 {[%emt 0:00:38]} Ba6 {[%emt 0:00:27]} 5. Qa4 {[%emt 0:00:25]} c5 {[%emt 0:01:12]} 6. Bg2 {[%emt 0:00:23]} Bb7 {[%emt 0:00:07]} 7. O-O {[%emt 0:00:43]} cxd4 {[%emt 0:01:02]} 8. Nxd4 {[%emt 0:00:11]} Bxg2 {[%emt 0:00:09]} 9. Kxg2 {[%emt 0:00:10]} Qc8 {[%emt 0:00:32]} 10. Rd1 {[%emt 0:00:15]} Qb7+ {[%emt 0:07:29]} 11. f3 {[%emt 0:00:36]} Be7 {[%emt 0:01:16]} 12. Nc3 {[%emt 0:05:14]} O-O {[%emt 0:01:14]} 13. Bg5 {[%emt 0:05:36]} h6 {[%emt 0:03:17]} 14. Bxf6 {[%emt 0:00:20]} Bxf6 {[%emt 0:00:45]} 15. Ne4 {[%emt 0:08:25]} Be5 {[%emt 0:10:09]} 16. Qa3 {[%emt 0:03:35]} a6 {[%emt 0:13:03]} 17. Rac1 {[%emt 0:05:24]} f5 {[%emt 0:03:11]} 18. Nf2 {[%emt 0:08:01]} Bf6 {[%emt 0:06:49]} 19. Qd3 {[%emt 0:04:18]} Rf7 {[%emt 0:02:15]} 20. b3 {[%emt 0:05:36]} Nc6 {[%emt 0:06:05]} 21. Nxc6 {[%emt 0:00:36]} dxc6 {[%emt 0:00:37]} 22. c5 {[%emt 0:07:07]} b5 {[%emt 0:00:47]} 23. Qc2 {[%emt 0:07:54]} e5 {[%emt 0:06:22]} 24. Rd6 {[%emt 0:06:45]} Re8 {[%emt 0:09:49]} 25. Rcd1 {[%emt 0:00:55]} e4 {[%emt 0:01:43]} 26. fxe4 {[%emt 0:01:24]} fxe4 {[%emt 0:00:33]} 27. Nxe4 {[%emt 0:01:34]} Qe7 {[%emt 0:01:03]} 28. Nxf6+ {[%emt 0:04:04]} Rxf6 {[%emt 0:00:06]} 29. Rxf6 {[%emt 0:00:31]} Qxf6 {[%emt 0:00:04]} 30. e4 {[%emt 0:08:00]} Qg5 {[%emt 0:00:22]} 31. b4 {[%emt 0:01:26]} Qe3 {[%emt 0:01:15]} 32. Qb3+ {[%emt 0:00:38]} Qxb3 {[%emt 0:00:06]} 33. axb3 {[%emt 0:00:05]} Rxe4 {[%emt 0:00:06]} 34. Ra1 {[%emt 0:00:08]} Rxb4 {[%emt 0:00:12]} 35. Rxa6 {[%emt 0:00:08]} Rxb3 {[%emt 0:00:03]} 36. Rxc6 {[%emt 0:00:07]} Rc3 {[%emt 0:00:05]} 37. Rc7 {[%emt 0:00:18]} b4 {[%emt 0:00:35]} 38. Rb7 {[%emt 0:00:14]} b3 {[%emt 0:00:19]} 39. c6 {[%emt 0:00:11]} Kh7 {[%emt 0:00:08]} 40. c7 {[%emt 0:00:20]} b2 {[%emt 0:00:06]} 1/2-1/2